| 000 | 01048cam a22003014a 4500 | ||
|---|---|---|---|
| 001 | 412 | ||
| 003 | BD-RjUL | ||
| 005 | 20211208233156.0 | ||
| 008 | 100512s2005 ii abdjg 00| 0 eng d | ||
| 020 | _a8120316185 | ||
| 035 | _a(BD-RjUL)429 | ||
| 040 |
_aDLC _cDLC _beng _dBD-RjUL |
||
| 041 | _aeng | ||
| 082 | 0 | 0 |
_a006.37 _222 _bCHD 2005 |
| 100 | 1 |
_aChanda, Bhabatosh _91280 |
|
| 245 | 1 | 0 |
_aDigital image processing and analysis / _cBhabatosh Chanda, Dwijesh Dutta Majumder. |
| 260 |
_aNew Delhi: _bPrentice Hall of India, _cc2000 [Reprinted 2005]. |
||
| 300 |
_aix, 357 p. : _bill.; _c23 cm. |
||
| 500 | _aRev. ed. of: Computer vision and image processing / Scott E. Umbaugh. 1998. | ||
| 504 | _aIncludes bibliographical references and index. | ||
| 650 | 0 |
_aComputer vision. _91281 |
|
| 650 | 0 |
_aImage processing _xDigital techniques. _91282 |
|
| 650 | 0 |
_aImage analysis. _91283 |
|
| 700 | 1 |
_aMajumder, Dwijesh Dutta. _tComputer vision and image processing. _91284 |
|
| 942 |
_2ddc _cBK |
||
| 999 |
_c412 _d412 |
||